Dynasties in Chinese history - Statistics

General Stats
  • This quiz has been taken 1,628 times
  • The average score is 16 of 26
Answer Stats
Hint Answer % Correct
____ Dynasty 221 BC–206 BC (imperial) Qin
94%
_____ Dynasty 1368–1644 (imperial) Ming
92%
___ Dynasty 206 BC–220 AD (imperial) Han
88%
______ Dynasty 1644–1911 (imperial) Qing
86%
_____'s Republic of China 1949–present People
83%
_____ Dynasty 960–1279 (imperial) Song
80%
_____ Dynasty 618–907 (imperial) Tang
80%
_____ of China 1912–1949 (modern) Republic
77%
_____ Dynasty 1045–256 BC (ancient) Zhou
75%
a) _______tern Han (imperial) West
72%
_____ Dynasty 1271–1368 (imperial) Yuan
72%
c) ______tern Han (imperial) East
71%
____ Dynasty 1600–1046 BC (ancient) Shang
67%
_____ Dynasty 2100–1600 BC (ancient) Xia
66%
_____ and Autumn period (ancient) Spring
64%
______ Kingdoms 220–280 (imperial) Three
62%
______ States period (ancient) Warring
56%
_____ Dynasty 265–420 (imperial) Jin
55%
____ Dynasty 581–618 (imperial) Sui
52%
b) _____ Zhou (ancient) Eastern
40%
a) _____ Zhou (ancient) Western
40%
b) _______ Dynasty (imperial) Xin
38%
__ Dynasties and ___ Kingdoms 907–960 5 10
18%
____ Kingdoms (imperial) 16
16%
3 ______ and 5 Emperors (ancient) Sovereigns
13%
______ and ______ Dynasties 420–589 Southern Northern
9%
No matching quizzes found
Score Distribution
Percent of People with Each Score
Percentile by Number Answered
Your Score History
You have not taken this quiz